[Event "XXVIII Festival A"]
[Site "Arco ITA"]
[Date "2006.10.23"]
[Round "3"]
[White "Rossi, Paolo"]
[Black "Blasco, Domenico"]
[Result "0-1"]
[WhiteElo "1790"]
[BlackElo "1992"]
[PlyCount "38"]
[EventDate "2006.10.21"]

1. e4 g6 2. d4 Bg7 3. f4 d6 4. e5 dxe5 5. fxe5 c5 6. c3 Nh6 7. Bb5+ Bd7 8.
Bxd7+ Qxd7 9. Nf3 Nc6 10. d5 Rd8 11. c4 Ng4 12. e6 fxe6 13. Ng5 exd5 14. O-O
Bd4+ 15. Kh1 Nf2+ 16. Rxf2 Bxf2 17. Qe2 O-O 18. Ne6 Nd4 19. Qe5 Qxe6 0-1

[Event "XXVIII Festival A"]
[Site "Arco ITA"]
[Date "2006.10.23"]
[Round "3"]
[White "Samarian, Cornel"]
[Black "Ludovici, Roberto"]
[Result "0-1"]
[WhiteElo "1937"]
[BlackElo "1774"]
[PlyCount "50"]
[EventDate "2006.10.21"]

1. c4 e5 2. Nc3 Nf6 3. e4 Bc5 4. h3 c6 5. Qc2 O-O 6. Nf3 Qc7 7. Be2 Rd8 8. O-O
d5 9. cxd5 cxd5 10. exd5 Nxd5 11. Ne1 Nc6 12. Nxd5 Rxd5 13. Bc4 Nd4 14. Qd1 Rd8
15. Bd3 Be6 16. b3 f5 17. Bb1 Rac8 18. Bb2 e4 19. Kh1 Qf4 20. Bc3 Nb5 21. Qe2
Nxc3 22. dxc3 Rd2 23. Nd3 Qh6 24. Qe1 exd3 25. f4 Qxh3+ 0-1

[Event "XXVIII Festival A"]
[Site "Arco ITA"]
[Date "2006.10.23"]
[Round "3"]
[White "Savarese, Vincenzo"]
[Black "Idili, Leonardo"]
[Result "1-0"]
[WhiteElo "1865"]
[BlackElo "1710"]
[PlyCount "53"]
[EventDate "2006.10.21"]

1. e4 c5 2. c3 Nf6 3. e5 Nd5 4. d4 cxd4 5. Nf3 Nc6 6. cxd4 d6 7. Bc4 Nb6 8. Bb5
dxe5 9. Nxe5 Bd7 10. Nxd7 Qxd7 11. O-O g6 12. Nc3 Rd8 13. Qf3 a6 14. d5 axb5
15. dxc6 bxc6 16. Be3 Qc7 17. Rac1 Nc4 18. b3 Nxe3 19. fxe3 Qb6 20. Qxf7+ Kd7
21. Rfd1+ Kc7 22. Nd5+ Rxd5 23. Qxd5 Qxe3+ 24. Kh1 Bh6 25. Qxc6+ Kb8 26. Qxb5+
Ka8 27. Rc7 1-0

[Event "XXVIII Festival A"]
[Site "Arco ITA"]
[Date "2006.10.23"]
[Round "3"]
[White "Schaefer, Michael"]
[Black "Salvador, Roland"]
[Result "0-1"]
[WhiteElo "2199"]
[BlackElo "2455"]
[PlyCount "60"]
[EventDate "2006.10.21"]

1. Nf3 d5 2. d4 Nf6 3. c4 dxc4 4. g3 e6 5. Bg2 Nbd7 6. O-O Rb8 7. a4 a6 8. a5
Bd6 9. Nbd2 b5 10. axb6 Nxb6 11. Qc2 O-O 12. Nxc4 Nxc4 13. Qxc4 Bd7 14. Qc2 Bb5
15. Rd1 Nd5 16. Ng5 g6 17. Qe4 Qe7 18. Bh3 Rfe8 19. Qh4 f5 20. e4 Nb6 21. d5
exd5 22. exf5 gxf5 23. Bd2 Qd7 24. Bc3 Be5 25. Bb4 Bxb2 26. Rab1 Bf6 27. Qf4
Qg7 28. Nf3 Re4 29. Qxf5 Bd7 30. Qh5 Be8 0-1

[Event "XXVIII Festival A"]
[Site "Arco ITA"]
[Date "2006.10.23"]
[Round "3"]
[White "Stolfa, Rodolfo"]
[Black "Mercandelli, Claudio"]
[Result "0-1"]
[WhiteElo "1754"]
[BlackElo "2020"]
[PlyCount "58"]
[EventDate "2006.10.21"]

1. d4 Nf6 2. c4 g6 3. Nc3 Bg7 4. e4 d6 5. Nf3 O-O 6. Be2 e5 7. dxe5 dxe5 8.
Qxd8 Rxd8 9. O-O c6 10. Rd1 Rxd1+ 11. Bxd1 Na6 12. h3 Nc5 13. Bc2 a5 14. Be3
Nfd7 15. Rd1 f6 16. a4 Bf8 17. Nd2 Ne6 18. Nb3 Bb4 19. Na2 Kf7 20. Nac1 Ke7 21.
Nd3 c5 22. Na1 g5 23. Nc1 Nb8 24. Na2 Nc6 25. Bd2 Bxd2 26. Rxd2 Ned4 27. Bd1
Be6 28. b3 Rd8 29. Kh2 Nf3+ 0-1

[Event "XXVIII Festival A"]
[Site "Arco ITA"]
[Date "2006.10.23"]
[Round "3"]
[White "Teske, Henrik"]
[Black "Friedrich, Norbert"]
[Result "1-0"]
[WhiteElo "2514"]
[BlackElo "2309"]
[PlyCount "35"]
[EventDate "2006.10.21"]

1. d4 d5 2. c4 c6 3. Nf3 Nf6 4. Nc3 e6 5. Bg5 dxc4 6. e4 b5 7. e5 h6 8. Bh4 g5
9. exf6 gxh4 10. Ne5 Qxf6 11. g3 Nd7 12. Nxc6 Bb7 13. Bg2 Rc8 14. d5 Bxc6 15.
dxc6 Ne5 16. O-O Nxc6 17. Nxb5 e5 18. Bh3 1-0

[Event "XXVIII Festival A"]
[Site "Arco ITA"]
[Date "2006.10.23"]
[Round "3"]
[White "Tomassoni, Leonardo"]
[Black "Diotallevi, Maurizio"]
[Result "1/2-1/2"]
[WhiteElo "2020"]
[BlackElo "2154"]
[PlyCount "98"]
[EventDate "2006.10.21"]

1. e4 e6 2. d4 d5 3. Nc3 Bb4 4. e5 c5 5. a3 Bxc3+ 6. bxc3 Nc6 7. Nf3 Nge7 8.
Be2 O-O 9. O-O Ng6 10. Bg5 Qa5 11. Qd2 b6 12. h4 cxd4 13. cxd4 Qxd2 14. Bxd2
Bb7 15. Bd3 h6 16. Rfe1 Rfc8 17. h5 Nf8 18. g4 Nd7 19. Kh2 a5 20. Rg1 Ba6 21.
Bxa6 Rxa6 22. g5 Kh7 23. Rg3 Ne7 24. c3 Nf5 25. Rg4 Rg8 26. Rag1 Raa8 27. Nh4
Nxh4 28. Rxh4 hxg5 29. Bxg5 Rac8 30. Bd2 Nb8 31. Rf4 Rcf8 32. Rg3 Nd7 33. Rgf3
f5 34. Rh3 Rc8 35. Rff3 Rh8 36. Rfg3 Nf8 37. Rg1 Kg8 38. Rb1 Rc6 39. Kg2 Kf7
40. Rbh1 Nh7 41. Rg3 Nf8 42. Rgh3 Rc8 43. Kf1 Nd7 44. Ke2 Rh7 45. Kd1 Rch8 46.
Kc2 a4 47. Kd3 Rc8 48. Rb1 Rc4 49. Bg5 Nb8 1/2-1/2

[Event "XXVIII Festival A"]
[Site "Arco ITA"]
[Date "2006.10.23"]
[Round "3"]
[White "Trauth, Michael"]
[Black "Poletti, Fausto"]
[Result "1-0"]
[WhiteElo "2153"]
[BlackElo "2053"]
[PlyCount "85"]
[EventDate "2006.10.21"]

1. g3 Nf6 2. Bg2 g6 3. Nf3 Bg7 4. c4 d6 5. Nc3 O-O 6. O-O e5 7. d3 Re8 8. Rb1
c6 9. b4 Nbd7 10. Ng5 Nf8 11. Nge4 Nxe4 12. dxe4 Be6 13. Qd3 Qe7 14. Rd1 Red8
15. b5 c5 16. Nd5 Bxd5 17. exd5 Nd7 18. e4 Qf8 19. Bd2 Bh6 20. Ba5 b6 21. Bc3
Qe7 22. a4 Nf6 23. a5 Qd7 24. Rb2 Nh5 25. Bf3 Ng7 26. Ra1 f5 27. Rba2 Rab8 28.
Bg2 f4 29. Bd2 g5 30. gxf4 exf4 31. Qh3 Qxh3 32. Bxh3 Rb7 33. axb6 axb6 34. f3
Nh5 35. Ra7 Rdb8 36. Rxb7 Rxb7 37. Ra8+ Kf7 38. Be6+ Ke7 39. Bf5 Nf6 40. Bc3
Bg7 41. e5 dxe5 42. Bxe5 Kf7 43. d6 1-0

[Event "XXVIII Festival A"]
[Site "Arco ITA"]
[Date "2006.10.23"]
[Round "3"]
[White "Valenti, Giuseppe"]
[Black "Lupini, Stefano"]
[Result "1-0"]
[WhiteElo "2252"]
[BlackElo "1790"]
[PlyCount "35"]
[EventDate "2006.10.21"]

1. e4 c5 2. Nf3 e6 3. d4 cxd4 4. Nxd4 a6 5. Nc3 Qc7 6. g3 Bb4 7. Nde2 Nf6 8.
Bg2 Nc6 9. O-O Be7 10. a4 b6 11. Bf4 d6 12. e5 dxe5 13. Bxe5 Qd7 14. Nd4 Nd5
15. Nxc6 Nxc3 16. bxc3 f6 17. Nxe7 fxe5 18. Bxa8 1-0

[Event "XXVIII Festival A"]
[Site "Arco ITA"]
[Date "2006.10.23"]
[Round "3"]
[White "Vezzosi, Paolo"]
[Black "Blagojevic, Dragisa"]
[Result "1/2-1/2"]
[WhiteElo "2311"]
[BlackElo "2534"]
[PlyCount "40"]
[EventDate "2006.10.21"]

1. e4 e5 2. Nf3 Nc6 3. Bb5 a6 4. Ba4 Nf6 5. O-O Be7 6. Re1 b5 7. Bb3 d6 8. c3
O-O 9. d4 Bg4 10. Be3 Bh5 11. Nbd2 Na5 12. Bc2 Ng4 13. b4 exd4 14. cxd4 Nc6 15.
Rb1 Nxe3 16. fxe3 a5 17. bxa5 Rxa5 18. a4 Na7 19. axb5 Rxb5 20. Bd3 Rxb1
1/2-1/2

[Event "XXVIII Festival A"]
[Site "Arco ITA"]
[Date "2006.10.23"]
[Round "3"]
[White "Vink, Wim"]
[Black "Bronznik, Valerij"]
[Result "0-1"]
[WhiteElo "2118"]
[BlackElo "2391"]
[PlyCount "76"]
[EventDate "2006.10.21"]

1. Nf3 f5 2. d4 Nf6 3. g3 g6 4. Bg2 Bg7 5. O-O O-O 6. c4 d6 7. Nc3 Qe8 8. d5 a5
9. Be3 Na6 10. Qc2 h6 11. Bd4 g5 12. e3 Bd7 13. Rad1 c5 14. Bxf6 Bxf6 15. b3
Nb4 16. Qd2 Bxc3 17. Qxc3 Nxa2 18. Qb2 Nb4 19. h4 Qg6 20. Qb1 b5 21. cxb5 Bxb5
22. Rfe1 a4 23. bxa4 Bxa4 24. Rd2 Bd7 25. hxg5 hxg5 26. Nd4 cxd4 27. Qxb4 dxe3
28. fxe3 Qf6 29. Kf2 Kg7 30. Rh1 Rfb8 31. Qc4 Rb2 32. Rhd1 Ra1 33. Qe2 Bb5 34.
Qe1 Raa2 35. Bf1 Qc3 36. Rxb2 Qxb2+ 37. Kf3 g4+ 38. Kf4 Kf6 0-1

[Event "XXVIII Festival A"]
[Site "Arco ITA"]
[Date "2006.10.23"]
[Round "3"]
[White "Weinberg, Emanuele"]
[Black "Traversi, Carlo"]
[Result "1-0"]
[WhiteElo "1956"]
[BlackElo "1762"]
[PlyCount "95"]
[EventDate "2006.10.21"]

1. d4 Nf6 2. c4 g6 3. Nc3 d5 4. cxd5 Nxd5 5. e4 Nxc3 6. bxc3 Bg7 7. Bc4 c5 8.
Ne2 O-O 9. O-O Nc6 10. Be3 cxd4 11. cxd4 Na5 12. Bd3 b6 13. Rc1 Bb7 14. Qd2 Qd7
15. f4 Rac8 16. Kh1 Rxc1 17. Rxc1 Rc8 18. Rxc8+ Qxc8 19. Qb4 e6 20. Qb5 Qc6 21.
Qxc6 Bxc6 22. Nc3 Kf8 23. Nb5 Bxb5 24. Bxb5 Ke7 25. Kg1 Nb7 26. Kf2 Nd6 27. Bd3
f5 28. e5 Ne8 29. Bd2 Nc7 30. Bc4 Kd7 31. Bb4 b5 32. Bb3 a6 33. g3 Kc6 34. Ke2
Nd5 35. Bd6 h6 36. h4 h5 37. Kd3 Kd7 38. a4 Kc6 39. axb5+ axb5 40. Bc5 Kd7 41.
Bxd5 exd5 42. Kc3 Ke6 43. Kb4 Kd7 44. Kxb5 Ke6 45. Kc6 Bh6 46. Kc7 Bg7 47. Kd8
Bh6 48. Ke8 1-0

[Event "XXVIII Festival A"]
[Site "Arco ITA"]
[Date "2006.10.23"]
[Round "3"]
[White "Wohl, Aleksandar H."]
[Black "Happel, Hendrik A."]
[Result "1/2-1/2"]
[WhiteElo "2427"]
[BlackElo "2213"]
[PlyCount "129"]
[EventDate "2006.10.21"]

1. e4 e6 2. d4 d5 3. e5 Ne7 4. Nf3 b6 5. c3 Qd7 6. a4 a5 7. Na3 Ba6 8. Bxa6
Nxa6 9. O-O c5 10. Nb5 Nc6 11. b3 Be7 12. Bg5 O-O 13. Bxe7 Qxe7 14. Rc1 cxd4
15. cxd4 Nab4 16. Qd2 Rac8 17. Nd6 Rc7 18. Rc3 Na7 19. Rfc1 Rxc3 20. Qxc3 Nac6
21. Qe3 Qd7 22. h4 Na7 23. h5 h6 24. Nh4 b5 25. Qh3 bxa4 26. bxa4 Nac6 27. Qg4
Qa7 28. Nb5 Qb6 29. Rc3 f5 30. exf6 Rxf6 31. Rg3 Qb7 32. Ng6 Qd7 33. Rf3 Rxf3
34. Qxf3 Qf7 35. Qg3 Qf5 36. Qd6 Qxh5 37. Qxe6+ Kh7 38. Nf8+ Kh8 39. g4 Qg5 40.
Ng6+ Kh7 41. Nf8+ Kh8 42. f4 Qd8 43. Ng6+ Kh7 44. Qf5 Qf6 45. Nf8+ Kg8 46. Qxf6
gxf6 47. Ne6 f5 48. Nd6 fxg4 49. f5 Ne7 50. f6 Ng6 51. f7+ Kh8 52. Nf5 h5 53.
f8=Q+ Nxf8 54. Nxf8 Na2 55. Ng6+ Kh7 56. Nf4 Nc3 57. Ne3 Nxa4 58. Nfxd5 Kg7 59.
Nc4 Kf7 60. Nxa5 Ke6 61. Ne3 h4 62. Nb3 Nc3 63. Kg2 Ne2 64. Nc5+ Ke7 65. Nxg4
1/2-1/2

[Event "XXVIII Festival A"]
[Site "Arco ITA"]
[Date "2006.10.23"]
[Round "3"]
[White "Zucchelli, Massimo"]
[Black "Bondielli, Giorgio"]
[Result "0-1"]
[WhiteElo "2125"]
[BlackElo "1986"]
[PlyCount "74"]
[EventDate "2006.10.21"]

1. d4 f5 2. g3 Nf6 3. Bg2 g6 4. Nh3 Bg7 5. Nc3 d6 6. d5 O-O 7. O-O Nbd7 8. Nf4
Nc5 9. Be3 e5 10. dxe6 Nxe6 11. Bxb7 Rb8 12. Bxc8 Nxf4 13. Ba6 N4h5 14. Rb1 f4
15. Bxa7 Ra8 16. Bc4+ Kh8 17. Bd4 Qd7 18. Bxf6 Bxf6 19. Kg2 Ra5 20. Bd5 Be5 21.
Bf3 Nf6 22. e3 g5 23. exf4 gxf4 24. Qd3 Rg8 25. Ne4 Ng4 26. a3 Rg6 27. Rh1 Ra8
28. h3 Nh6 29. g4 Nf5 30. Kf1 Nh4 31. Nd2 Ra4 32. Re1 Rd4 33. Qc3 Rxd2 34. Qxd2
Nxf3 35. Qd3 Nxe1 36. Kxe1 Bxb2 37. Qb3 Qe6+ 0-1

[Event "XXVIII Festival A"]
[Site "Arco ITA"]
[Date "2006.10.24"]
[Round "4"]
[White "Ager, Josef"]
[Black "Burani, Eugenio"]
[Result "1-0"]
[WhiteElo "2196"]
[BlackElo "2023"]
[PlyCount "115"]
[EventDate "2006.10.21"]

1. Nf3 Nf6 2. c4 c5 3. g3 b6 4. Bg2 Bb7 5. O-O g6 6. Nc3 Bg7 7. d3 O-O 8. Rb1
d5 9. cxd5 Nxd5 10. Bd2 Nxc3 11. bxc3 Nc6 12. Qc1 Qc7 13. Bf4 e5 14. Bh6 f5 15.
Bxg7 Qxg7 16. Qc2 h6 17. Rbd1 Rad8 18. Nd2 Na5 19. Bxb7 Qxb7 20. Qa4 Qc6 21.
Qh4 g5 22. Qh5 Kg7 23. Nf3 Rde8 24. d4 Nc4 25. Nxe5 Nxe5 26. dxe5 Rxe5 27. Rd3
Rfe8 28. e3 Qe4 29. Rfd1 R8e7 30. Rd8 f4 31. R8d6 R5e6 32. exf4 Rxd6 33. Rxd6
Qe1+ 34. Kg2 Qe4+ 35. Kh3 Re6 36. Rd7+ Re7 37. Rxe7+ Qxe7 38. fxg5 hxg5 39. Qg4
Kh6 40. Kg2 Qb7+ 41. Qf3 Qe7 42. Qd5 Qe2 43. h3 Qe7 44. a4 Kg6 45. Qc6+ Kg7 46.
c4 Kh7 47. Qf3 Qd7 48. Qh5+ Kg7 49. Qxg5+ Kf8 50. Qf4+ Ke8 51. Qe4+ Kf8 52. Qc2
Qc6+ 53. f3 Qd7 54. g4 Qd4 55. h4 Kg8 56. h5 Qf4 57. Qg6+ Kh8 58. h6 1-0

[Event "XXVIII Festival A"]
[Site "Arco ITA"]
[Date "2006.10.24"]
[Round "4"]
[White "Antoniacci, Riccardo"]
[Black "Stolfa, Rodolfo"]
[Result "0-1"]
[WhiteElo "1969"]
[BlackElo "1754"]
[PlyCount "174"]
[EventDate "2006.10.21"]

1. d4 d5 2. c4 e6 3. Nc3 Nf6 4. Bg5 Be7 5. cxd5 exd5 6. Qc2 Nc6 7. e3 g6 8. Bb5
a6 9. Bxc6+ bxc6 10. Nf3 O-O 11. Ne5 Bb7 12. O-O Nd7 13. Bh6 Re8 14. f4 Nxe5
15. fxe5 Bg5 16. Bxg5 Qxg5 17. Qf2 Re7 18. Na4 Rae8 19. Nc5 Bc8 20. Rac1 f5 21.
Qf4 Qh5 22. Rc3 g5 23. Qf3 Qg6 24. Qe2 Rf8 25. Nxa6 Ref7 26. Nc5 f4 27. exf4
gxf4 28. e6 Re7 29. Rcf3 Bxe6 30. Qf2 Ref7 31. Nxe6 Qxe6 32. Qd2 Qd6 33. Re1 c5
34. Re5 c6 35. Rg5+ Kh8 36. Qf2 c4 37. Qh4 Qf6 38. Rh5 Qxd4+ 39. Rf2 Qe3 40.
Qg5 Qc1+ 41. Rf1 Qe3+ 42. Kh1 Qd4 43. Qe5+ Qxe5 44. Rxe5 Rf6 45. Kg1 Kg8 46.
Kf2 Kg7 47. Rfe1 Rb8 48. R1e2 Rb5 49. Rd2 Kg6 50. Kf3 Kf7 51. Rh5 h6 52. Rh4
Rb4 53. Kf2 Kg6 54. Kf3 h5 55. Kf2 Kg5 56. Rh3 h4 57. Ra3 Rb6 58. Ra8 Rb7 59.
Kf3 Re7 60. a4 Re3+ 61. Kf2 Rfe6 62. Rg8+ Kf5 63. Rh8 Ke5 64. Rh5+ Kd6 65. Rxh4
R3e4 66. Rh7 Kc5 67. Rb7 Re3 68. a5 Rb3 69. Rf7 Kb5 70. Rxf4 Kxa5 71. h4 Rh6
72. g3 Rb7 73. Ke3 Rg7 74. Rf3 Rhg6 75. Rg2 Rg4 76. Kf2 d4 77. Rf6 d3 78. Rd6
c5 79. Kf3 Rg8 80. Rd7 R4g6 81. g4 Re6 82. g5 Rf8+ 83. Kg4 Re4+ 84. Kg3 Rd4 85.
Rxd4 cxd4 86. g6 c3 87. Rf2 Rg8 0-1

[Event "XXVIII Festival A"]
[Site "Arco ITA"]
[Date "2006.10.24"]
[Round "4"]
[White "Astengo, Corrado"]
[Black "Castellano, Alfonso"]
[Result "0-1"]
[WhiteElo "2128"]
[BlackElo "1926"]
[PlyCount "46"]
[EventDate "2006.10.21"]

1. e4 c5 2. Nf3 d6 3. d4 cxd4 4. Nxd4 Nf6 5. Nc3 a6 6. Bg5 Qa5 7. Qd2 Nbd7 8.
O-O-O e6 9. f4 Be7 10. Be2 Qc7 11. Bf3 Rb8 12. Rhe1 O-O 13. g4 Nb6 14. Bxf6
Bxf6 15. g5 Be7 16. f5 Nc4 17. Qg2 Qb6 18. Nb3 Rd8 19. Rd4 Qc7 20. h4 b5 21. f6
Bf8 22. h5 b4 23. Ne2 Ne3 0-1

[Event "XXVIII Festival A"]
[Site "Arco ITA"]
[Date "2006.10.24"]
[Round "4"]
[White "Blagojevic, Dragisa"]
[Black "Isonzo, David"]
[Result "1-0"]
[WhiteElo "2534"]
[BlackElo "2345"]
[PlyCount "85"]
[EventDate "2006.10.21"]

1. d4 Nf6 2. c4 c5 3. d5 e6 4. Nc3 exd5 5. cxd5 d6 6. e4 g6 7. f3 Bg7 8. Bg5
O-O 9. Qd2 a6 10. a4 h6 11. Be3 Nbd7 12. Nh3 Re8 13. Be2 Ne5 14. Nf2 h5 15. h3
Nh7 16. f4 Nd7 17. O-O Ndf8 18. Bd3 Bd7 19. a5 b5 20. axb6 Qxb6 21. Ra2 a5 22.
Rfa1 f5 23. Ncd1 fxe4 24. Nxe4 Bf5 25. Nec3 Nf6 26. Bf2 Ne4 27. Bxe4 Bxe4 28.
Ne3 Qd8 29. Nc4 a4 30. Rxa4 Rxa4 31. Rxa4 Bxc3 32. bxc3 Qc7 33. Ra6 Rd8 34. f5
Bxf5 35. Bg3 Qb7 36. Rb6 Qa7 37. Rxd6 Rxd6 38. Nxd6 c4+ 39. Bf2 Qa1+ 40. Kh2
Qb1 41. Qh6 Qb8 42. Bg3 h4 43. Be5 1-0

[Event "XXVIII Festival A"]
[Site "Arco ITA"]
[Date "2006.10.24"]
[Round "4"]
[White "Bondielli, Giorgio"]
[Black "Crea, Vincenzo"]
[Result "1-0"]
[WhiteElo "1986"]
[BlackElo "2092"]
[PlyCount "75"]
[EventDate "2006.10.21"]

1. e4 e6 2. d4 d5 3. e5 c5 4. c3 Nc6 5. Nf3 Qb6 6. Bd3 cxd4 7. cxd4 Bd7 8. O-O
Nb4 9. Be2 Bb5 10. Bxb5+ Qxb5 11. Nc3 Qd7 12. Be3 Ne7 13. Rc1 Nc8 14. Qe2 Nb6
15. Nd2 Be7 16. a3 Nc6 17. Qg4 g6 18. Bh6 Qd8 19. Be3 a6 20. Ne2 Na5 21. Rc2
Rc8 22. Rxc8 Qxc8 23. Rc1 Qd8 24. Rc2 Nac4 25. Nxc4 Nxc4 26. Qf3 Qa5 27. h3
Qe1+ 28. Kh2 Qb1 29. Rxc4 dxc4 30. Qxb7 h6 31. Nc3 Qd3 32. Ne4 Kf8 33. Nf6 Qb3
34. Qc8+ Kg7 35. Bxh6+ Kxh6 36. Qxh8+ Kg5 37. g3 Qf3 38. h4+ 1-0

[Event "XXVIII Festival A"]
[Site "Arco ITA"]
[Date "2006.10.24"]
[Round "4"]
[White "Bronznik, Valerij"]
[Black "Valenti, Giuseppe"]
[Result "1-0"]
[WhiteElo "2391"]
[BlackElo "2252"]
[PlyCount "67"]
[EventDate "2006.10.21"]

1. d4 Nf6 2. c4 e6 3. Nc3 Bb4 4. f3 d5 5. a3 Bxc3+ 6. bxc3 c5 7. cxd5 exd5 8.
e3 O-O 9. Bd3 b6 10. Ne2 Ba6 11. O-O Bxd3 12. Qxd3 Re8 13. Ng3 Nc6 14. Bb2 c4
15. Qd2 g6 16. Rae1 h5 17. Qf2 h4 18. Nh1 Nh5 19. Bc1 Qf6 20. g4 hxg3 21. hxg3
Qg7 22. e4 Nf6 23. Qg2 Rad8 24. Bg5 Ne7 25. Nf2 Nh7 26. Bxe7 Rxe7 27. exd5 Red7
28. Ng4 Rxd5 29. Re7 R5d7 30. Rfe1 Nf6 31. Nxf6+ Qxf6 32. Rxd7 Rxd7 33. Re8+
Kg7 34. Qh3 1-0

[Event "XXVIII Festival A"]
[Site "Arco ITA"]
[Date "2006.10.24"]
[Round "4"]
[White "Buck, Klaus-Michael"]
[Black "Gestrich, Wolfgang"]
[Result "1/2-1/2"]
[WhiteElo "1665"]
[BlackElo "1762"]
[PlyCount "33"]
[EventDate "2006.10.21"]

1. d4 Nf6 2. Nf3 d6 3. Nc3 c6 4. h3 g6 5. e4 Bg7 6. a4 a6 7. Bc4 O-O 8. Bd3
Nbd7 9. a5 e5 10. d5 Nc5 11. Bg5 Nxd3+ 12. Qxd3 c5 13. Qd2 Qc7 14. Nh2 Kh8 15.
f3 Ng8 16. Ng4 f6 17. Bh6 1/2-1/2

[Event "XXVIII Festival A"]
[Site "Arco ITA"]
[Date "2006.10.24"]
[Round "4"]
[White "Carlozzi, Giovanni"]
[Black "Bortolotti, Silvano"]
[Result "0-1"]
[WhiteElo "1789"]
[BlackElo "1744"]
[PlyCount "30"]
[EventDate "2006.10.21"]

1. e4 e5 2. Nf3 Nc6 3. Bc4 Nf6 4. Ng5 d5 5. exd5 Na5 6. Bb5+ c6 7. dxc6 bxc6 8.
Be2 h6 9. Nf3 e4 10. Ng1 Bc5 11. d3 Qb6 12. Qd2 Bxf2+ 13. Kf1 Nd5 14. d4 Bxd4
15. Nc3 Ne3+ 0-1

[Event "XXVIII Festival A"]
[Site "Arco ITA"]
[Date "2006.10.24"]
[Round "4"]
[White "Catalano, Luigi"]
[Black "Perryman, Marcus"]
[Result "0-1"]
[WhiteElo "1808"]
[BlackElo "1990"]
[PlyCount "116"]
[EventDate "2006.10.21"]

1. e4 c5 2. c4 Nc6 3. d3 d6 4. h3 g6 5. Nf3 Bg7 6. Be2 e6 7. Nc3 Nge7 8. O-O a6
9. Rb1 O-O 10. Be3 Rb8 11. Qc1 b5 12. Bh6 Nd4 13. Bxg7 Kxg7 14. Nxd4 cxd4 15.
Nd1 Bb7 16. b3 f5 17. f3 e5 18. Qa3 Qb6 19. Nf2 Rbc8 20. Rfc1 b4 21. Qb2 Rc5
22. Qd2 h6 23. Nd1 Ra5 24. Ra1 fxe4 25. fxe4 Bxe4 26. dxe4 d3+ 27. Kh2 dxe2 28.
Qxe2 Rc5 29. Qe3 Qb7 30. Nf2 Rf4 31. Re1 Rc7 32. Qd2 Qb6 33. Nd3 Qd4 34. Rad1
Rxe4 35. Nxb4 Qxd2 36. Rxd2 Rxe1 37. Rxd6 a5 38. Na6 Rc6 39. c5 Rxd6 40. cxd6
Nc6 41. d7 Rd1 42. Nc5 Kf7 43. a3 Ke7 44. Kg3 Rd5 45. b4 axb4 46. axb4 Nxb4 47.
d8=Q+ Rxd8 48. Kf3 Rd4 49. Ke3 Kd6 50. Ne4+ Kd5 51. Nf6+ Ke6 52. Ng4 Nd5+ 53.
Kf2 h5 54. Nh2 Nf4 55. Nf3 Ra4 56. Ne1 Kf5 57. h4 e4 58. g3 Nd3+ 0-1

[Event "XXVIII Festival A"]
[Site "Arco ITA"]
[Date "2006.10.24"]
[Round "4"]
[White "Cottarelli, Franco"]
[Black "Pichler, Klaus"]
[Result "1/2-1/2"]
[WhiteElo "1958"]
[BlackElo "1596"]
[PlyCount "58"]
[EventDate "2006.10.21"]

1. b4 e5 2. a3 d5 3. Bb2 Bd6 4. Nf3 Qe7 5. c4 c6 6. e3 Nf6 7. h3 Bf5 8. cxd5
Nxd5 9. Bc4 Nd7 10. Nc3 N5b6 11. Bb3 Bd3 12. Rc1 a5 13. bxa5 Rxa5 14. a4 Nc5
15. Ra1 Nxb3 16. Qxb3 Nc4 17. Bc1 e4 18. Nd4 Rg5 19. g4 g6 20. Nce2 h5 21. f4
Ra5 22. g5 O-O 23. h4 Qd7 24. f5 Kh7 25. Rf1 gxf5 26. Bb2 Nxb2 27. Qxb2 Bxe2
28. Kxe2 Be5 29. Qb4 Bxd4 1/2-1/2

[Event "XXVIII Festival A"]
[Site "Arco ITA"]
[Date "2006.10.24"]
[Round "4"]
[White "De Napoli, Giuseppe"]
[Black "La Manna, Andrea"]
[Result "1/2-1/2"]
[WhiteElo "2032"]
[BlackElo "1931"]
[PlyCount "159"]
[EventDate "2006.10.21"]

1. d4 f5 2. c4 Nf6 3. Nc3 d6 4. Nf3 g6 5. g3 Bg7 6. Bg2 O-O 7. O-O Qe8 8. d5 a5
9. Nd4 Na6 10. Ne6 Bxe6 11. dxe6 c6 12. e4 fxe4 13. Nxe4 Nxe4 14. Bxe4 Nc5 15.
Bg2 Nxe6 16. Be3 Nd8 17. Qc2 Nf7 18. h4 Ne5 19. Rad1 Qf7 20. b3 Qf5 21. Be4 Qh3
22. Bg2 Qg4 23. Kh1 Nf3 24. Qe2 h5 25. Rd3 Ne5 26. Rd2 Qxe2 27. Rxe2 Bf6 28.
Bh3 a4 29. Bh6 Rfd8 30. Be6+ Kh7 31. Bf4 axb3 32. Bxe5 Bxe5 33. axb3 Rf8 34. f4
Ra3 35. Rb1 Bd4 36. Kg2 Kg7 37. Kf3 Kf6 38. Kg2 Rfa8 39. Kh3 Ra1 40. Rxa1 Rxa1
41. Bc8 b6 42. Bd7 c5 43. Re6+ Kf7 44. Re2 Rb1 45. Ba4 Rc1 46. Bc6 Rc3 47. Bd5+
Kf8 48. Be4 Kg7 49. Bc2 Kf6 50. Kh2 e6 51. Kh3 d5 52. cxd5 exd5 53. Bd1 Be3 54.
Kg2 c4 55. bxc4 dxc4 56. Rc2 Rxc2+ 57. Bxc2 b5 58. Kf3 Ba7 59. g4 b4 60. gxh5
gxh5 61. Ke4 b3 62. Bd1 Bf2 63. Kd5 Bxh4 64. Kxc4 b2 65. Bc2 Kg7 66. Kd5 Bf6
67. Ke4 h4 68. Kf3 Kf7 69. Bb1 Ke6 70. Ke4 Kd6 71. Ba2 Kc5 72. Bb1 Kc4 73. Ke3
Kc3 74. f5 Be5 75. Kf3 Kd2 76. Kg4 Bf6 77. Kf3 Kc1 78. Ba2 b1=Q 79. Bxb1 Kxb1
80. Kg2 1/2-1/2

[Event "XXVIII Festival A"]
[Site "Arco ITA"]
[Date "2006.10.24"]
[Round "4"]
[White "De Santis, Alessio"]
[Black "Prakken, Gerrit"]
[Result "1/2-1/2"]
[WhiteElo "2337"]
[BlackElo "2180"]
[PlyCount "39"]
[EventDate "2006.10.21"]

1. d4 d5 2. c4 e6 3. Nc3 c6 4. e3 Nf6 5. Nf3 Nbd7 6. Bd3 dxc4 7. Bxc4 b5 8. Bd3
Bd6 9. g4 b4 10. g5 bxc3 11. gxf6 Qxf6 12. bxc3 e5 13. Rb1 a5 14. d5 e4 15.
Bxe4 Qxc3+ 16. Bd2 Qc4 17. Qc2 Ba6 18. Qxc4 Bxc4 19. Bc3 Nf6 20. Bxf6 1/2-1/2

[Event "XXVIII Festival A"]
[Site "Arco ITA"]
[Date "2006.10.24"]
[Round "4"]
[White "Diotallevi, Maurizio"]
[Black "Di Lazzaro, Gabriele"]
[Result "1-0"]
[WhiteElo "2154"]
[BlackElo "1986"]
[PlyCount "143"]
[EventDate "2006.10.21"]

1. d4 d5 2. Bg5 Nd7 3. e3 Ngf6 4. c4 e6 5. cxd5 exd5 6. Nc3 c6 7. Bd3 Be7 8.
Qc2 O-O 9. Nf3 Re8 10. O-O Ne4 11. Bf4 Nef6 12. h3 Nf8 13. Rab1 a5 14. a3 Ne6
15. Be5 g6 16. b4 axb4 17. axb4 Ng7 18. b5 Bf5 19. bxc6 bxc6 20. Rfc1 Bxd3 21.
Qxd3 Ne6 22. Bxf6 Bxf6 23. Qc2 Qd6 24. Na4 Ra6 25. Ne1 Rea8 26. Nc5 Ra2 27. Qd1
Nc7 28. Rc2 Nb5 29. Rbc1 Rxc2 30. Rxc2 Qc7 31. Nf3 Nd6 32. Nd2 Nb5 33. Qc1 Kg7
34. Nd3 Rc8 35. Nb4 Na7 36. Nxd5 Qd6 37. Nc3 Be7 38. Nce4 Qe6 39. Nc5 Bxc5 40.
Rxc5 Qa2 41. Rc2 Qe6 42. Nf3 f6 43. Qa3 Nb5 44. Qc5 Rc7 45. Nd2 Nd6 46. d5 Qe5
47. Nf3 Qa1+ 48. Rc1 Qb2 49. dxc6 Ne4 50. Qc2 Qxc2 51. Rxc2 Kf7 52. Nd4 Nd6 53.
Rb2 Ke7 54. Kf1 Rc8 55. Ra2 Rc7 56. Ke2 Nc8 57. Ra8 Na7 58. Rh8 Kd6 59. f4 Re7
60. Rf8 f5 61. Rf6+ Kc5 62. h4 Kd5 63. h5 Rg7 64. Kf3 Nc8 65. hxg6 hxg6 66. g4
fxg4+ 67. Kxg4 Nd6 68. Re6 Nc4 69. Kf3 Nd2+ 70. Ke2 Nc4 71. Re8 Na5 72. Re5+
1-0

[Event "XXVIII Festival A"]
[Site "Arco ITA"]
[Date "2006.10.24"]
[Round "4"]
[White "Ferrari, Michele"]
[Black "Niccoli, Paolo"]
[Result "1/2-1/2"]
[WhiteElo "1843"]
[BlackElo "1994"]
[PlyCount "51"]
[EventDate "2006.10.21"]

1. d4 Nf6 2. Bg5 e6 3. e3 d5 4. Bd3 c5 5. c3 Nc6 6. f4 Be7 7. Nd2 cxd4 8. exd4
Qd6 9. Nh3 Bd7 10. O-O O-O 11. Bxf6 Bxf6 12. Qh5 g6 13. Qh6 Bg7 14. Qh4 f6 15.
Nf3 Be8 16. Rae1 Bf7 17. Nf2 Rae8 18. Bc2 Qd8 19. Ng4 h5 20. Nf2 Ne7 21. Ba4
Nf5 22. Qh3 Re7 23. g4 hxg4 24. Nxg4 Qd6 25. Nh4 Nxh4 26. Qxh4 1/2-1/2

[Event "XXVIII Festival A"]
[Site "Arco ITA"]
[Date "2006.10.24"]
[Round "4"]
[White "Fortunato, Vito"]
[Black "Agostini, Guillermo"]
[Result "1/2-1/2"]
[WhiteElo "1866"]
[BlackElo "2010"]
[PlyCount "38"]
[EventDate "2006.10.21"]

1. c4 Nf6 2. Nf3 d6 3. d4 g6 4. g3 Bg7 5. Bg2 O-O 6. O-O c6 7. Nc3 Nbd7 8. Qc2
e5 9. Rd1 Qe7 10. b3 h6 11. e4 Re8 12. Ba3 exd4 13. Nxd4 Nc5 14. f3 Rd8 15.
Rac1 Nh5 16. b4 Ne6 17. Nde2 Ng5 18. g4 Nf6 19. b5 Nd5 1/2-1/2